00000000nam##2200000za#4500
0019.625796
003CaOODSP
00520200327184225
007ta
008150406|2001||||xxc|||||     f|0| 0 fre|d
020 |a0-662-86226-0
040 |aCaOODSP|bfre
043 |an-cn---
0861 |aH113-7/2001-10F
1101 |aCanada.|bSanté Canada. |bAgence de réglementation de la lutte antiparasitaire.
24510|aSpinosad: Insecticide Successmd 480SC Naturalyte, Insecticide Conservemd 480SC Naturalyte
260 |aOttawa - Ontario : |bSanté Canada. |c2001.
300 |a70p. : |btableaux ; |c28 cm.
4901 |aNote réglementaire |vREG2001-10
500 |a«La présente note réglementaire fournit un sommaire des données examinées et les raisons à l'origine de la décision réglementaire relative à ces produits.»--Page de titre. «... pour la lutte contre les organismes nuisibles des pommiers, des plantes ornementales d'extérieur et des gazons ...»--Page de titre.
5203 |aLa présente note réglementaire fournit un sommaire des données examinées et les raisons à l'origine de la décision réglementaire relative à ces produits.--Page de titre ... pour la lutte contre les organismes nuisibles des pommiers, des plantes ornementales d'extérieur et des gazons ...--Page de titre
563 |aCouverture souple
590 |a01-41|b2001-10-12
69107|aInsecticide|2gcpds
69107|aInsecte|2gcpds
77508|tSpinosad: SuccessTM 480SC Naturalyte Insect Control Product, ConserveTM 480SC Naturalyte Insect Control Product |w(CaOODSP)9.615777
7760#|tSpinosad - Insecticide Successmd [sic] 480SC Naturalyte - Insecticide Conservemd [sic] 480SC Naturalyte |w(CaOODSP)9.603027
830#0|aNote réglementaire ;|vREG2001-10|w(CaOODSP)9.513063